000 00618nam a2200205 a 4500
005 20140224114400.0
008 140224b1997 ck ||||| |||| 00| 0 spa d
041 _aspa
044 _ack
090 _aLB
_b00898
245 _aGuía de insectos dañinos en plantaciones forestales
260 _aBogotá
_bCONIF
_bMinambiente
_bBIRF
_c1997
300 _a99 p.
650 _aPlagas forestales
_99779
650 _aInsectos dañinos
_98327
650 _aGuías de identificación de insectos
_99780
650 _aControl de plagas forestales
_99781
700 _aPinzón Florián, Olga Patricia
_99782
942 _cImpreso
_2z
999 _c910
_d910